El problema del aspecto verbal

Gespeichert in:
Bibliographische Detailangaben
1. Verfasser: Maclennan, L. Jenaro
Format: Buch
Sprache:Spanisch
Veröffentlicht: Madrid. Grados. 1962.
Schlagworte:
Tags: Tag hinzufügen
Keine Tags, Fügen Sie den ersten Tag hinzu!

MARC

LEADER 00000nam a22000005a 4500
001 16518
003 CL-ChBUA
005 20120815103613.0
008 070301s1962 sp 000 0 spa
040 |a CL-ChBUA  |c CL-ChBUA 
082 0 0 |a 415 
090 |c 16518  |d 16518 
100 1 |a Maclennan, L. Jenaro. 
245 1 0 |a El problema del aspecto verbal 
260 |b Grados.  |a Madrid.  |c 1962. 
650 4 |a GRAMATICA COMPARADA GENERAL. 
942 |c LIB 
952 |0 0  |1 0  |4 0  |7 0  |9 22899  |a UNACH  |b UNACH  |c 400  |d 2007-03-05  |i 6.462.  |l 0  |o 415 / M 165.  |p 23898  |r 2012-12-27 00:00:00  |u 22899  |w 2012-08-08  |y LIB  |k 415 / M 165. 
999 |c 16518  |d 16518